000 00728nam a2200241Ia 4500
003 OSt
005 20220926005421.0
006 a|||||r|||| 00| 0
007 ta
008 220923b |||||||| |||| 00| 0 eng d
037 _cGeneral Book
040 _aRTL
_cRTL
_beng
041 _2eng
_aeng
082 _aX:77.2.P07, P7
110 _aWORLD BANK
_9124638
245 0 _aStrengthening institutions for sustainable growth country environment analysis for India.
260 _a New Delhi
_bSouth Asia sustainable development Unit
_c2007
300 _axvii,94p.
_ccm.
500 _aGlossary :89-91p.
700 _aWORLD BANK
_9124639
942 _hX:77.2.P07, P7
_cGB
_2CC
999 _c613768
_d613768